| 000 | 01236cam a22003854i 4500 | ||
|---|---|---|---|
| 003 | PE-LiUPU | ||
| 005 | 20250731183352.0 | ||
| 008 | 160815s2010 r 000 0 spa d | ||
| 020 | _a6123000209 | ||
| 020 | _a9786123000202 | ||
| 035 | _a(Sirsi) a162984 | ||
| 040 | _cPE-LiUPU | ||
| 082 | 0 | 4 |
_a759.5985 _bMPP T85 |
| 100 | 1 |
_aTsuchiya, Tilsa, _d1929-1984, _eautor. |
|
| 245 | 1 | 0 |
_aMaestros de la pintura peruana : _bTilsa Tsuchiya / _cEmpresa Editora El Comercio S. A. |
| 246 | 0 | 3 | _aTilsa Tsuchiya |
| 264 |
_aLima : _b Punto y Coma Editores, _c 2010. |
||
| 300 |
_a95 páginas : _bilustraciones ; |
||
| 336 |
_atext _2rdacontent |
||
| 337 |
_aunmediated _2rdamedia |
||
| 338 |
_avolume _2rdacarrier |
||
| 490 | 0 | _aMaestros de la pintura peruana. | |
| 504 | _aÍndice : páginas 92-93. | ||
| 504 | _aBibliografía : página 94. | ||
| 505 | 0 | _aReseña biográfica -- Línea de tiempo -- Vida y obra -- Galería -- Índice de obras. | |
| 526 | _aP158 | ||
| 526 | _aP146 | ||
| 526 | _aP17 | ||
| 526 | _aP12 | ||
| 526 | _aP06 | ||
| 650 | 0 | 4 |
_aTsuchiya, Tilsa, _d 1929-1984 _x Biografía. |
| 650 | 0 | 4 |
_aArtistas _z Perú _y Siglo XX. |
| 942 |
_2ddc _cBOOK |
||
| 999 |
_c11895 _d11895 |
||
| 980 |
_81 _gALBERTO SANCHEZ Responsable de Automatización |
||